000 00368cam a2200145ua 4500
041 _aeng
_h
082 _a828.09
_bBAR/HI
100 _aBarton, Lucy .
245 _aHistoric costume for the stage /
_cLucy Barton.
_hTextual Documents
260 _aLondon :
_bAdan and Charles Black ,
_c1935.
300 _a609 ; .
504 _a
942 _cBK
999 _c2701
_d2701